| Tag |
First Indicator |
Second Indicator |
Subfields |
| LEADER |
00000cam a2200000 4500 |
| 001 |
in00000035587 |
| 005 |
20151007062042.0 |
| 008 |
761217c19151895nyu 00010 eng c |
| 010 |
|
|
|a w 06000008
|
| 035 |
|
|
|a (OCoLC)02630298
|
| 035 |
|
|
|9 AAD3836AM
|
| 040 |
|
|
|a Wash., D.C. Pub. Libr.
|c CSU
|d TXA
|d UtOrBLW
|
| 049 |
|
|
|a TXAM
|c [21277]
|
| 090 |
|
|
|a PR4827
|b .M5 1895
|
| 092 |
|
|
|a 822
|b J77mi
|
| 100 |
1 |
|
|a Jones, Henry Arthur,
|d 1851-1929.
|
| 245 |
1 |
0 |
|a Michael and his lost angel :
|b a play in five acts /
|c by Henry Arthur Jones ...
|
| 264 |
|
1 |
|a New York :
|b &The Macmillan Company,
|c 1915
|
| 264 |
|
4 |
|c [©1895]
|
| 300 |
|
|
|a [iv]-xxiv pages, 2 ., 107 pages ;
|c 19 cm.
|
| 336 |
|
|
|a text
|b txt
|2 rdacontent
|
| 337 |
|
|
|a unmediated
|b n
|2 rdamedia
|
| 338 |
|
|
|a volume
|b nc
|2 rdacarrier
|
| 999 |
|
|
|a MARS
|
| 999 |
f |
f |
|s cf937999-8491-354d-859f-016e7505cdbc
|i 09626c9b-38a7-370e-b09a-13c39ba813a2
|t 0
|
| 952 |
f |
f |
|p ric
|a Texas A&M University
|b Rellis Campus
|c Joint Library Facility
|d Remote Storage
|t 0
|e PR4827 .M5 1895
|h Library of Congress classification
|i unmediated -- volume
|m A14801297550
|
| 998 |
f |
f |
|a PR4827 .M5 1895
|t 0
|l Remote Storage
|